00531nam a2200109Ia 4500008004100000100002800041245019800069260005100267300001100318650002300329856006900352160712s9999 xx 000 0 und d aMiñoza, Leah Emily C. cLeah Emily C. MiñozaaKabuhayang Binibid, Kinabukasang Tagilid: Isang Pananaliksik Tungkol sa Kontraktwalisasyon at Kasarian sa Office of Student Housing ng Unibersidad ng Pilipinas - Diliman c2012bPhilippine Journal of Social Development avol. 4 xSOCIAL DEVELOPMENT uhttp://journals.upd.edu.ph/index.php/pjsd/issue/view/414/showToc